000 00266nam a22001217a 4500
008 180924b xxu||||| |||| 00| 0 eng d
041 _aeng
080 _a616.8
100 _a6
101 _aKAN
245 _aMnagement Of Cander Pain
_cJcox. A
942 _2udc
_cBK
999 _c48326
_d48326